000 00277nam a2200109Ia 4500
008 200302s9999 xx 000 0 und d
100 _aJames Barlow & Others
245 _aTowards Positive Partnering
260 _bThe Policy Press,Great Britain
260 _c1997
300 _a75 P
999 _c4950
_d4950